000 00377 a2200169 4500
001 184198
020 _a85-08-03772-4
040 _cMagnum
100 _aPellegrini, Domingos
240 1 0 _aA árvore que dava dinheiro
_lpor
245 1 0 _aA árvore que dava dinheiro
300 _a104
362 0 _a1995
440 1 _aÁtica
697 _aLITERATURA JUVENIL
942 _cBK
999 _c184198
_d184198